[Event "ZL-2012-0-01246"]
[Site "LSS email"]
[Date "2013.01.04"]
[Round "?"]
[White "Sharaukhov, Sergey"]
[Black "Zmolil, Karel"]
[Result "0-1"]
[WhiteElo "1063"]
[BlackElo "1154"]
[PlyCount "50"]
[EventDate "2012.12.20"]
[EventType "match (corr)"]
[EventRounds "2"]
[EventCountry "GER"]
[SourceTitle "Telechess CBM 159"]
[Source "ChessBase"]
[SourceDate "2014.03.17"]
[SourceVersion "1"]
[SourceVersionDate "2014.03.17"]
[SourceQuality "1"]

1. e4 e5 2. Nf3 Nc6 3. Bc4 Nf6 4. 0-0 Bc5 5. d3 h6 6. c3 0-0 7. d4 Bd6 8. dxe5 Bxe5 9. Bd5 Qe7 10. Nbd2 d6 11. Re1 Bg4 12. Bxc6 bxc6 13. Qa4 c5 14. Nxe5 Qxe5 15. f3 Bd7 16. Qc2 d5 17. Nf1 dxe4 18. fxe4 Bc6 19. Ng3 Nxe4 20. Nxe4 f5 21. Bf4 Qxf4 22. Nxc5 Qh4 23. Qf2 Qc4 24. Re7 Rf7 25. Rxf7 Qxf7 0-1

[Event "ZN-2012-0-02154"]
[Site "LSS email"]
[Date "2012.12.27"]
[Round "?"]
[White "Lauer, Fredric"]
[Black "Sharaukhov, Sergey"]
[Result "1-0"]
[WhiteElo "935"]
[BlackElo "1063"]
[PlyCount "51"]
[EventDate "2012.12.22"]
[EventType "match (corr)"]
[EventRounds "2"]
[EventCountry "GER"]
[SourceTitle "Telechess CBM 159"]
[Source "ChessBase"]
[SourceDate "2014.03.17"]
[SourceVersion "1"]
[SourceVersionDate "2014.03.17"]
[SourceQuality "1"]
[WhiteTeam "IWEC (Canada)"]

1. e4 e5 2. Nf3 Nc6 3. Nc3 Nf6 4. d4 exd4 5. Nd5 h6 6. Bf4 d6 7. Nxd4 Nxd5 8. exd5 Ne5 9. Nb3 Be7 10. Bd3 Nxd3+ 11. Qxd3 0-0 12. 0-0-0 Bg5 13. Qg3 Bxf4+ 14. Qxf4 Qg5 15. Qxg5 hxg5 16. h4 gxh4 17. Rxh4 Bd7 18. Rdh1 f6 19. Nd4 Kf7 20. c4 Rae8 21. Kc2 c5 22. Ne6 Bxe6 23. dxe6+ Rxe6 24. Rd1 Re2+ 25. Rd2 Rfe8 26. Rh3 1-0

[Event "ZN-2012-0-02142"]
[Site "LSS email"]
[Date "2012.12.20"]
[Round "?"]
[White "Sharaukhov, Sergey"]
[Black "Bokros, Csaba"]
[Result "1-0"]
[WhiteElo "1105"]
[BlackElo "879"]
[PlyCount "37"]
[EventDate "2012.12.15"]
[EventType "match (corr)"]
[EventRounds "2"]
[EventCountry "GER"]
[SourceTitle "Corr 2015"]
[Source "ChessBase"]
[SourceDate "2015.07.17"]
[SourceVersion "1"]
[SourceVersionDate "2015.07.17"]
[SourceQuality "1"]

1. e4 e5 2. Nf3 Nc6 3. Bc4 Bc5 4. c3 Nf6 5. d4 exd4 6. cxd4 Bb4+ 7. Nc3 Bxc3+ 8. bxc3 0-0 9. e5 Ne4 10. d5 Na5 11. Bd3 Nxc3 12. Bxh7+ Kh8 13. Qd3 Nxd5 14. Qxd5 c6 15. Qd3 Qe7 16. 0-0 g6 17. Bxg6 Rg8 18. Bg5 Qe6 19. Bf6+ 1-0

[Event "RN-2012-0-00557"]
[Site "LSS email"]
[Date "2012.11.09"]
[Round "?"]
[White "Lombardi, Donato"]
[Black "Sharaukhov, Sergey"]
[Result "0-1"]
[WhiteElo "910"]
[BlackElo "800"]
[PlyCount "82"]
[EventDate "2012.11.02"]
[EventType "tourn (corr)"]
[EventRounds "6"]
[EventCountry "GER"]
[SourceTitle "Corr 2022"]
[Source "ChessBase"]
[SourceDate "2021.10.24"]
[SourceVersion "1"]
[SourceVersionDate "2021.10.24"]
[SourceQuality "1"]

1. e4 e5 2. Nf3 Nc6 3. d4 exd4 4. Nxd4 Qh4 5. Qd3 Nf6 6. Nc3 Bb4 7. Be3 Qxe4 8. Nxc6 Qxd3 9. Bxd3 Bxc3+ 10. bxc3 dxc6 11. 0-0 0-0 12. Bd4 Nd5 13. Rfe1 Be6 14. c4 Nb6 15. c5 Nd5 16. Rab1 b6 17. cxb6 cxb6 18. c4 Nf4 19. Bf1 Rad8 20. Be3 Nd3 21. Bxd3 Rxd3 22. c5 b5 23. a4 a6 24. axb5 axb5 25. Red1 Rfd8 26. Rxd3 Rxd3 27. g3 Bd5 28. Kf1 Bf3 29. h4 h5 30. Rc1 b4 31. Rb1 b3 32. Ke1 b2 33. Bd2 Rb3 34. Be3 Be4 35. Rxb2 Rxb2 36. Bd4 Rc2 37. f4 f6 38. Kd1 Kf7 39. Be3 Ke6 40. Bd2 Bd3 41. Be3 Kf5 0-1

[Event "RN-2012-0-00557"]
[Site "LSS email"]
[Date "2012.11.09"]
[Round "?"]
[White "Sharaukhov, Sergey"]
[Black "Bester, Kazimierz"]
[Result "1-0"]
[WhiteElo "800"]
[BlackElo "684"]
[PlyCount "64"]
[EventDate "2012.11.02"]
[EventType "tourn (corr)"]
[EventRounds "6"]
[EventCountry "GER"]
[SourceTitle "Corr 2022"]
[Source "ChessBase"]
[SourceDate "2021.10.24"]
[SourceVersion "1"]
[SourceVersionDate "2021.10.24"]
[SourceQuality "1"]

1. e4 d5 2. exd5 Qxd5 3. Nc3 Qa5 4. Bc4 Be6 5. Bxe6 fxe6 6. Nf3 Nc6 7. d3 0-0-0 8. 0-0 Nf6 9. Re1 e5 10. Bd2 e6 11. Ne4 Qb6 12. Neg5 Re8 13. Nf7 Rg8 14. N7xe5 Nxe5 15. Nxe5 Bc5 16. Be3 Bxe3 17. Rxe3 Nd5 18. Rf3 Nf6 19. b3 Qd4 20. Re3 Nd5 21. Re4 Qb2 22. Rb1 Qa3 23. Qe1 a6 24. Nc4 Qxa2 25. Rxe6 Rxe6 26. Qxe6+ Kd8 27. Qxg8+ Kd7 28. Qxd5+ Kc8 29. Qg8+ Kd7 30. Qxg7+ Kc6 31. Qb2 Qxb2 32. Nxb2 b5 1-0

[Event "OP-2012-0-02479"]
[Site "LSS email"]
[Date "2012.11.03"]
[Round "?"]
[White "Tanase, Mircea"]
[Black "Sharaukhov, Sergey"]
[Result "0-1"]
[WhiteElo "1500"]
[BlackElo "1105"]
[PlyCount "40"]
[EventDate "2012.10.31"]
[EventType "tourn (corr)"]
[EventRounds "4"]
[EventCountry "GER"]
[SourceTitle "Telechess CBM 165"]
[Source "ChessBase"]
[SourceDate "2015.03.11"]
[SourceVersion "1"]
[SourceVersionDate "2015.03.11"]
[SourceQuality "1"]

1. d4 Nf6 2. c4 e6 3. e3 Bb4+ 4. Bd2 Bxd2+ 5. Nxd2 c5 6. d5 exd5 7. cxd5 d6 8. e4 0-0 9. Be2 Re8 10. Qc2 Qe7 11. f3 a6 12. Nc4 b5 13. Nb6 Ra7 14. Nxc8 Rxc8 15. Nh3 Re8 16. Nf2 Nbd7 17. 0-0 Nxd5 18. Nd3 N5f6 19. Rad1 Ne5 20. Nf4 Rd7 0-1